000 012720000a22002650004500
999 _c46366
_d46366
001 20012
003 CO-MdFUSB
005 20180511090048.0
008 180511t1929 enk||||g |||| 00| 0 eng d
040 _aCO-MdFUSB
_bspa
_cCO-MdFUSB
_dCO-MdFUSB
_erda
041 _aeng
082 _224
_aG 224
_bB659p
100 1 _aBlunt, A. W. F.
_eautor
245 0 4 _aThe Prophets of Israel
_c/ A. W. F. Blunt
264 1 _aOxford, England :
_bAt the Clarendon Press,
_c℗1929
300 _a126 páginas
_b:
_c;
336 _2rdacontent
_atexto
_btxt
337 _2rdamedia
_asin mediación
_bn
338 _2rdacarrier
_avolumen
_bnc
505 0 _aLa importancia de los profetas -- El hombre santo de la sociedad primitiva -- La profecía entre los primeros hebreos -- De Samuel a Elías -- La religión popular entre los hebreos en Canaán -- El tiempo pre-profético -- Elías y Eliseo -- Amos -- Oseas -- Isaías y Miqueas -- Jeremías -- Contemporáneos de Jeremías: Sofonías, Nahúm, Habacuc -- Ezequiel - Segundo Isaías -- El fin de la profecía: Hageo, Zacarías, Malaquías, tercer Isaías, Jonás -- Libros apocalípticos: Joel, segundo Zacarías, Daniel
563 _aPasta dura
630 0 7 _aBiblia.
_pLibros proféticos
942 _cBK